000 00937nam a2200241 a 4500
001 000016447
003 DO-SdBNP
005 20250606095813.0
008 100305s2000 dr a 000 0 spa d
040 _aDO-SdBNP
_bspa
_cBNPHU
082 4 _a372.357
_bP195e
_222
245 0 0 _aPanoramica de la educación ambiental en la enseñanza básica :
_blogros y perspectivas 1997-2000 /
_cHilda Paula de Mendoza ... [et al.]
260 _aSanto Domingo :
_bSecretaría de Estado de Educación y cultura,
_c2000.
300 _a170 p. :
_bil. ;
_c24 cm.
650 4 _aEducación ambiental
_zRepública Dominicana
_910804
650 0 _aEducación primaria
_zRepública Dominicana
_91420
700 1 _aAmado Rodríguez, José
_936654
700 1 _aOvidio Rodríguez, Manuel
_936655
700 1 _aFernández, Carmen Emilia
_936656
700 1 _aGenao Díaz, Lesbia María
_936657
700 1 _aJesús Beltré, Vinicio de
_936658
942 _2ddc
_cLBS1
999 _c15982
_d15982